| 000 | 00447nam a2200157 i 4500 | ||
|---|---|---|---|
| 001 | 97737 | ||
| 003 | ES-MaACL | ||
| 005 | 20230906182143.0 | ||
| 007 | t| | ||
| 008 | 050718s1960 sp ||||1| spa d | ||
| 100 | 1 |
_aMarín, Hilario. _976740 |
|
| 245 | 1 | 3 |
_aEl Corazón de María en el Magisterio de la Iglesia / _cHilario Marín, S.J. |
| 260 |
_aMadrid : _bCo. Cul, _c1960. |
||
| 300 |
_a215 p. ; _c18 cm. |
||
| 852 |
_aES-MaACL _jC-21468 _bR.50026 |
||
| 999 |
_c97737 _d97737 |
||